| 000 | 00503nam a2200193Ia 4500 | ||
|---|---|---|---|
| 003 | GCL | ||
| 008 | 140319s9999 xx 000 0 eng d | ||
| 040 |
_aGCL / _cGCL |
||
| 082 | 0 | 4 |
_a307.76 _bK U |
| 100 | 1 | _aKNOX, PAUL | |
| 245 | 1 | 0 |
_aURBAN SOCIAL GEOGRAPHY: AN INTRODUCTION / _cKNOX, PAUL |
| 260 |
_a[S.N] : _bLONGMAN SCIENTIFE & TECHNICAL ، _c1994 |
||
| 300 | _a350 P | ||
| 650 | 0 | 4 | _aSOCIOLOGY |
| 650 | 0 | 4 | _aHUMAN GEOGRAPHY |
| 650 | 0 | 4 | _aURBAN |
| 650 | 0 | 4 | _aCITIES AND TOWNS |
| 942 |
_2ddc _cBK |
||
| 999 |
_c23577 _d23577 |
||